<?xml version="1.0" encoding="UTF-8"?><?xml-stylesheet type="text/xsl" href="static/style.xsl"?><OAI-PMH xmlns="http://www.openarchives.org/OAI/2.0/" xmlns:xsi="http://www.w3.org/2001/XMLSchema-instance" xsi:schemaLocation="http://www.openarchives.org/OAI/2.0/ http://www.openarchives.org/OAI/2.0/OAI-PMH.xsd"><responseDate>2026-04-26T23:12:00Z</responseDate><request verb="GetRecord" identifier="oai:repisalud.isciii.es:20.500.12105/5187" metadataPrefix="marc">https://repisalud.isciii.es/rest/oai/request</request><GetRecord><record><header><identifier>oai:repisalud.isciii.es:20.500.12105/5187</identifier><datestamp>2025-12-18T13:02:19Z</datestamp><setSpec>com_20.500.12105_2203</setSpec><setSpec>com_20.500.12105_2202</setSpec><setSpec>col_20.500.12105_19585</setSpec></header><metadata><record xmlns="http://www.loc.gov/MARC21/slim" xmlns:dcterms="http://purl.org/dc/terms/" xmlns:doc="http://www.lyncode.com/xoai" xmlns:xsi="http://www.w3.org/2001/XMLSchema-instance" xsi:schemaLocation="http://www.loc.gov/MARC21/slim http://www.loc.gov/standards/marcxml/schema/MARC21slim.xsd">
   <leader>00925njm 22002777a 4500</leader>
   <datafield ind2=" " ind1=" " tag="042">
      <subfield code="a">dc</subfield>
   </datafield>
   <datafield ind2=" " ind1=" " tag="720">
      <subfield code="a">Instituto de Salud Carlos III. Gabinete de prensa</subfield>
      <subfield code="e">author</subfield>
   </datafield>
   <datafield ind2=" " ind1=" " tag="260">
      <subfield code="c">2006-04-10</subfield>
   </datafield>
   <datafield ind2=" " ind1=" " tag="520">
      <subfield code="a">Nota de prensa sobre una convocatoria de ayudas del ISCIII por un importe de 37 millones de euros para la creación de los siete primeros CIBER.
Los siete CIBER se centrarán en las siguientes áreas estratégicas de investigación: bioingeniería, biomateriales y nanomedicina; epidemiología y salud pública; fisiopatología de la obesidad y nutrución; enfermedades respiratorias; enfermedades hepáticas y digestivas; enfermedades neurodegenerativas; y enfermedades raras.
Los CIBER, que alcanzarán en los próximos años un número total de entre 11 y 13 centros, son estructuras estables de investigación biomédica en red, sin una ubicación física única pero con capacidad jurídica propia y una sola dirección científica.
Hasta el año 2009, la formación de estos centros, que se enmarca en el programa Consolíder del Plan Ingenio 2010, contará con una financiación cercana a los 400 millones de euros.
El plazo para la presentación de solicitudes termina el 7 de mayo</subfield>
   </datafield>
   <datafield ind1="8" ind2=" " tag="024">
      <subfield code="a">http://hdl.handle.net/20.500.12105/5187</subfield>
   </datafield>
   <datafield tag="653" ind2=" " ind1=" ">
      <subfield code="a">Ayudas del ISCIII</subfield>
   </datafield>
   <datafield ind2="0" ind1="0" tag="245">
      <subfield code="a">El Instituto de Salud Carlos III convoca ayudas por un importe de 37 millones de euros para la creación de los siete primeros Centros de Investigación Biomédica en Red (CIBER)</subfield>
   </datafield>
</record></metadata></record></GetRecord></OAI-PMH>